Encyklopedie psychedelických látek

Salvato in:
Dettagli Bibliografici
Autore principale: Stafford, Peter (Autore)
Natura: Libro
Lingua:ceco
Pubblicazione: Praha : VOLVOX GLOBATOR, 1997
Edizione:1. vyd
Serie:Labyrint 177
Soggetti:
Accesso online:OBSAH
Tags: Aggiungi Tag
Nessun Tag, puoi essere il primo ad aggiungerne!!

MARC

LEADER 00000nam a22000003a 4500
001 stu116970
005 20150617225842.7
008 060428s1997----xr------------------cze-d
020 |a 80-7207-057-6 
040 |a STU  |b slo 
041 0 |a cze 
044 |a xr 
080 |a 613.8 
080 |a 615.3 
080 |a 159.9 
100 1 |a Stafford, Peter  |4 aut 
245 1 |a Encyklopedie psychedelických látek 
250 |a 1. vyd 
260 |a Praha :  |b VOLVOX GLOBATOR,  |c 1997 
300 |a 495 s 
650 7 |a psychotropné látky  |2 stusub 
650 7 |a drogové závislosti  |2 stusub 
830 0 |a Labyrint  |v 177 
856 4 |a https://sweb.mtf.stuba.sk/obsahy/encyklopedie_psychedelickych_latek_97.pdf  |u https://sweb.mtf.stuba.sk/obsahy/encyklopedie_psychedelickych_latek_97.pdf  |3 OBSAH 
996 |b 284M072918  |c M*11903-1  |l MMST  |s A  |a 24  |w stu116970_0001